Регионална библиотека "Любен Каравелов" - Русе

Хрътката (Запис номер 547212)

MARC детайли
000 -Лидер
Контролно поле с фиксирана дължина 01001nam a2200265 c 4500
003 - Код на организацията, давaща контролен номер
Контролно поле BLK
005 - Дата и час на последна редакция
Контролно поле 20250724150340.0
008 - Елементи от данни с фиксирана дължина
fixed length control field 180410b bul|||||r ||||||| ||bul||
020 ## - Международен стандартен номер на книга ISBN
Международен стандартен номер на книга ISBN 978-954-26-2392-2
040 ## - Източник на каталожния запис
Идентификатор на билиотеката - собственик на записа BLK
041 ## - Код за език
Код за езика на текст/звукозапис или на отделно заглавие Български
Код за езика КДБФ Български
080 ## - УДК
Текстов определител УДК Българска литература
УДК код - определител по УДК 821.163.2
УДК определител -312.4
УДК - код + определител 821.163.2-312.4
100 1# - Редна дума - Автор
Автор Зарев, Владимир Пантелеев
Авторска отговорност първи автор
Автор - информация (биография) Пантев, Владимир Пантелеев
R(LIN) 277642
139 ## - Редно поле
Редна дума Зарев, Владимир Пантелеев
Авторски знак Зар - З 34
245 10 - Сведения за заглавието
Заглавие Хрътката
Редно поле (дума) Владимир Пантелеев Зарев.
250 ## - Област на изданието
Сведения за изданието [2. изд.]
257 ## - Страна на издаване
Страна на създаване/издаване България
260 ## - Област на издателските данни
Име на издателя, разпространителя и проч. Хермес
Година на издаване 2025
9 (RLIN) 209439
Място на издаване, разпространение и проч. Пловдив
Издателство - префикс ISBN 978-954-26- ; 978-954-459-
300 ## - Физическа характеристика
Страници 239 с.
Размери/Мащаб 21 см
380 ## - Жанр
Жанр Худож. лит.
500 ## - Общи забележки
Забележка 1. изд. на Хрътката 1987 на изд. Хр. Г. Данов <br/>За автора: с. 237-238
856 4# - Електронен адрес и достъп
Електронен формат pdf - файл
856 4# - Електронен адрес и достъп
Електронен формат pdf - файл
942 ## - АРТИКУЛИ
Вид на библиотечния материал Книги
Скрит в OPAC Не
Koha issues (borrowed), all copies 22
999 ## - СИСТЕМНИ КОНТРОЛНИ НОМЕРА
Koha biblionumber 547212
Koha biblioitemnumber 547212
944 ## - СЪЗДАВАНЕ И РЕДАКЦИЯ на ЗАПИСА
Създаване/Редакция
Дата на регистрацията/редакция Нора Радева
Служител, извършил регистрацията/редакцията 30545
Статус, дата на статуса Нора Радева

Няма налични копия.

Vip Innovations Ltd, Rousse, Bulgaria 2025